000
00307nam a22001337a 4500
008
190205b xxu||||| |||| 00| 0 eng d
020
_a
9780534121020
041
_a
eng
080
_a
201
100
_a
24
101
_a
TEO
245
_a
Religion in Sociological Perspective
_c
Robert, K.A
942
_2
udc
_c
BK
999
_c
54043
_d
54043